| 000 | 00519nam a2200217Ia 4500 | ||
|---|---|---|---|
| 008 | 170918s9999 xx 000 0 und d | ||
| 020 | _a9780545642880 | ||
| 050 | _bS857mi 2014 | ||
| 100 | _aStilton, Geronimo | ||
| 245 | 4 | _aThe cat gang / | |
| 245 | _cby Geronimo Stilton. | ||
| 260 | _aNew York : | ||
| 260 | _bScholastic, | ||
| 260 | _c2014 | ||
| 300 | _a76 pages : | ||
| 300 | _bcolor illustrations ; | ||
| 300 | _c14cm. | ||
| 300 | _eGeronimo Stilton Mini Mystery ; | ||
| 440 | _a4 | ||
| 500 | _a590 | ||
| 999 |
_c343724 _d343724 |
||